Statistics for Words that rhyme with Sum

Click here to take the quiz!

General Stats

  • This quiz has been taken 58 times
    (30 since last reset)
  • The average score is 11 of 14

Answer Stats

HintAnswer% Correct
ggum
93%
ccome
90%
ddumb
90%
hhum
90%
yyum
90%
pplum
83%
ddrum
79%
gglum
79%
sslum
72%
ccrumb
69%
ssum
69%
sscum
66%
ssome
55%
mmom
45%

Score Distribution

Percentile by Number Answered

Percent of People with Each Score

Your Score History

You have not taken this quiz since the last reset